| 000 | 01247nac a2200349 i 4500 | ||
|---|---|---|---|
| 003 | EG-ScBUE | ||
| 005 | 20240929094415.0 | ||
| 008 | 150805t1995 nyua f 001 0 eng d | ||
| 020 | _a9780673469434 | ||
| 020 | _a0673469433 | ||
| 040 |
_aEG-ScBUE _beng _erda _cEG-ScBUE _dEG-ScBUE |
||
| 082 | 0 | 4 |
_a510 _bLIA _222 |
| 100 | 1 |
_aLial, Margaret L., _eauthor. |
|
| 245 | 1 | 0 |
_aMathematics with applications in the management, natural, and social sciences / _cMargaret L. Lial, American River College, Thomas W. Hungerford, Cleveland State University, Charles D. Miller. |
| 250 | _aSixth edition. | ||
| 250 | _aProfessional edition. | ||
| 264 | 1 |
_aNew York : _bHarperCollins College Publishers, _c[1995] |
|
| 264 | 4 | _cc1995 | |
| 300 |
_a2 volumes : _billustrations (some color) ; _c24 cm |
||
| 336 |
_2rdacontent _atext _btxt |
||
| 337 |
_aunmediated _2rdamedia _bn |
||
| 338 |
_avolume _bnc _2rdacarrier |
||
| 500 | _aIncludes index. | ||
| 590 | _areham yahia - mostafa el helaly | ||
| 650 | 7 |
_aMathematics. _2BUEsh |
|
| 651 | _2BUEsh | ||
| 653 |
_cAugust2015 _bBUSADM |
||
| 655 |
_vReading book _934232 |
||
| 700 | 1 |
_aHungerford, Thomas W., _eauthor. |
|
| 700 | 1 |
_aMiller, Charles David, _d1942- _eauthor. |
|
| 942 |
_cBB _2ddc |
||
| 999 |
_c1229 _d1229 |
||